000 01227nas a2200349 4500
001 BR2012000561
003 BR-BrBNA
005 20231205120034.0
007 ta
008 230509b bl.|||p| |||| 00| 00por d
040 _aBR-BrBNA
_bpor
_cBiblioteca Nacional de Agricultura
041 _a(En)
072 _aH10
100 1 _aAlves, D.S.
100 1 _aOliveira, D.F.
100 1 _aCarvalho, G.A.
100 1 _aSantos Júnior, H.M. dos
100 1 _aCarvalho, D.A.
100 1 _aSantos, M.A.I.
100 1 _aCarvalho, H.W.P. de
245 1 _aPlant extracts as an alternative to control Leucoptera coffeella (Guérin-Mèneville)(Lepidoptera: Lyonetiidae)
246 1 _aPlant extracts as an alternative to control Leucoptera coffeella (Guérin-Mèneville)(Lepidoptera: Lyonetiidae)
650 _aLEUCOPTERA COFFEELLA
650 _aBICHO MINEIRO
650 _aPRAGA DE PLANTA
650 _aLEPIDOPTERO
650 _aPLANTAGO LANCEOLATA
773 0 _tNeotropical Entomology (Brazil)
_xISSN 1519-566X
_g(Jan-Feb 2011), v. 40(1) p. 123-128
_wBR2012000561
856 4 _uhttp://www.scielo.br/pdf/ne/v40n1/19.pdf
_yRecurso eletrônico (PDF)
909 _a202311
_bLúcia
_c55
_dLúcia Elande
942 _2AGRIS
_n0
_cANA
999 _c216780
_d216780